000 00348 a2200157 4500
001 74907
020 _a9788526008915
040 _cAnchieta - Colégio São Paulo
100 _aColasanti, Marina
240 1 0 _aA moça tecelã
_lpor
245 1 0 _aA moça tecelã
300 _a14
362 0 _a2004
650 4 _aLiteratura infantil
942 _cBK
999 _c74907
_d74907